000 00905cam a2200277 i 4500
001 1345680173
003 OCoLC
005 20250618081650.0
008 220926s2022 si a ob 001 0 eng d
020 _a9789811934810 (hardcover)
024 7 _a10.1007/978-981-19-3482-7
040 _aGW5XE
_beng
_erda
_cNUST
_dNUST
050 4 _aQH515 KEI
100 1 _aKeiser, Gerd,
_eAuthor.
245 1 0 _aBiophotonics :
_bconcepts to applications /
_cGerd Keiser
250 _aSecond edition
260 _aBoston,
_bSpringer,
_c©2022.
300 _axxii, 397 pages :
_billustrations (some color)
_c26 cm
336 _atext
_btxt
_2rdacontent
337 _aunmediated
_bn
_2rdamedia
338 _avolume
_bnc
_2rdacarrier
504 _aIncludes bibliographical references and index
650 0 _aPhotobiology.
650 0 _aPhotonics.
942 _2lcc
_n0
_cBOOKS
_eSecond Edition
_hQH515 KEI
_kQH
_mKEI
999 _c171964
_d171964